01257 2200277 4500001002100000005001500021035002000036007000300056008004100059020001800100082001400118084002000132100003100152245009300183250002000276300003000296650002000326700002800346520046900374264003000843336002100873337003000894338002300924990001600947990001600963INLIS00000000000054120260430033410 a0010-0426000540ta260430 g 0 ind  a9789792935110 a004.167 5 a004.167 5 WAH s0 aWahana KomputerePengarang1 aStep by step menjadi programer android /cPenulis, Wahana Komputer; Editor, Nikodemus WK aCetakan Pertama a232 :bIlustrasi ;c23 cm 4asistem komputer0 aNikodemus WKePengarang aBuku ini disusun sebagai panduan bagi para pemula untuk memahami platform Android yang bersifat open source. Isinya membahas secara mendalam langkah-demi-langkah (step-by-step) untuk menjadi seorang programmer Android, mulai dari pengenalan dasar-dasar pemrograman hingga contoh praktis pembuatan aplikasi sederhana. Fokus utamanya adalah membantu pembaca yang masih awam agar dapat menguasai lingkungan pengembangan aplikasi Android dengan lebih mudah dan terarah aYogyakarta :bANDI,c2013 2rdacontentaTeks 2rdamediaaTanpa Perantara 2rdacarrieraVolume aPP000705/19 aPP003822/19